Ai đã phát minh ra địa chấn ký
Shranjeno v:
| Glavni avtor: | |
|---|---|
| Format: | Knjiga |
| Jezik: | Undetermined |
| Izdano: |
Trẻ
2001
|
| Oznake: |
Označite
Brez oznak, prvi označite!
|
| Thư viện lưu trữ: | Trung tâm Học liệu Trường Đại học Cần Thơ |
|---|
| LEADER | 00406nam a2200145Ia 4500 | ||
|---|---|---|---|
| 001 | CTU_48800 | ||
| 008 | 210402s9999 xx 000 0 und d | ||
| 082 | |a 500 | ||
| 082 | |b C125a | ||
| 100 | |a LƯƠNG SỸ TÍNH | ||
| 245 | 0 | |a Ai đã phát minh ra địa chấn ký | |
| 245 | 0 | |c LƯƠNG SỸ TÍNH | |
| 260 | |b Trẻ | ||
| 260 | |c 2001 | ||
| 980 | |a Trung tâm Học liệu Trường Đại học Cần Thơ | ||